LEADER 01057nam0 2200289 450 001 000021003 005 20081230085031.0 010 $a88-7011-173-3 100 $a20081230d1983----km-y0itay50------ba 101 1 $aita$ceng 102 $aIT 105 $ay-------001yy 200 1 $aAscesa e declino dell'economia dello sviluppo$ee altri saggi$fAlbert O. Hirschman$ga cura di Andrea Ginzburg$gtraduzione dall'inglese di Giovanni Ferrara degli Uberti 210 $aTorino$cRosenberg & Sellier$d1983 215 $a248 p.$d21 cm 225 2 $aDa leggere$v33 410 0$12001$aDa leggere 610 1 $aSviluppo economico$aSaggi 676 $a330.91724$v19$9Situazioni e condizioni economiche. Regioni a basso livello economico 676 $a338.9$v20$9Sviluppo economico 700 1$aHirschman,$bAlbert O.$0111032 702 1$aGinzburg,$bAndrea$4070 801 0$aIT$bUNIPARTHENOPE$c20081230$gRICA$2UNIMARC 912 $a000021003 951 $a111/191$b3409$cNAVA2 996 $aAscesa e declino dell'economia dello sviluppo$9602915 997 $aUNIPARTHENOPE LEADER 03949nas1 2200745 i 450 001 CFI0209049 005 20251003044134.0 011 $z1121-1490$b(errato) 017 70$aP 00064636$2P 100 $a19920929b19922011||||0itac50 ba 101 | $aita 102 $ait 110 $aazu|||||||| 181 1$6z01$ai $bxxxe 182 1$6z01$an 183 1$6z01$anc$2RDAcarrier 200 1 $aBollettino AIB$erivista italiana di biblioteconomia e scienze dell'informazione$fAssociazione italiana biblioteche 207 0$aVol. 32, n. 1 (mar. 1992)-vol. 51, n. 4 (ott.-dic. 2011) 210 $aRoma$cAIB$d1992-2011 215 $av.$d24 cm 300 $aTrimestrale 300 $aHa come alleg.: BIB. 326 $aTrimestrale 430 0$1001CFI0209050$12001 $aBollettino d'informazioni$fAssociazione italiana biblioteche 440 1 $1001CFI0794721$12001 $aAIB studi$erivista di biblioteconomia e scienze dell'informazione 606 $aASSOCIAZIONE ITALIANA BIBLIOTECHE$xATTIVITA$xPERIODICI$2FIR$3MILC094533$9I 606 $aBiblioteconomia$xPeriodici$2FIR$3CFIC032411$9E 676 $a020$9BIBLIOTECONOMIA E SCIENZA DELL'INFORMAZIONE$v19 676 $a020.5$9$v20 676 $a020.5$9BIBLIOTECONOMIA E SCIENZA DELL'INFORMAZIONE. Pubblicazioni in serie$v21 676 $a020.5$9BIBLIOTECONOMIA E SCIENZA DELL'INFORMAZIONE. Pubblicazioni in serie$v22 676 $a020.62245$9ORGANIZZAZIONI NON GOVERNATIVE DI BIBLIOTECONOMIA E SCIENZA DELL'INFORMAZIONE, IN ITALIA$v20 676 $a020.62245$9BIBLIOTECONOMIA E SCIENZA DELL'INFORMAZIONE. ORGANIZZAZIONI PERMANENTI NAZIONALI NON STATALI. Italia$v21 676 $a020.62245$9BIBLIOTECONOMIA E SCIENZA DELL'INFORMAZIONE. ORGANIZZAZIONI. Italia$v22 686 $aPER CHIUSI$cPeriodici cessati$2NOV 696 $aPubblicazioni periodiche$aRiviste 696 $aScienze bibliotecarie$aPubblicazioni periodiche$aRiviste 699 $aPeriodici$yPubblicazioni periodiche 699 $aPeriodici$yRiviste 699 $aBiblioteconomia$yScienze bibliotecarie 699 $aPeriodici$yPubblicazioni periodiche 699 $aPeriodici$yRiviste 712 02$aAssociazione italiana biblioteche$3CFIV014188 791 02$aAIB$c $3CFIV148638$zAssociazione italiana biblioteche 791 02$aAIB$c $3CFIV200417$zAssociazione italiana biblioteche 791 02$aAIB$c $3CFIV148638$zAssociazione italiana biblioteche 801 3$aIT$bIT-000000$c19920929 850 $aIT-BN0095 $aIT-BN0013 $aIT-NA0537 $aIT-NA0652 $aIT-NA0079 $aIT-NA0070 $aIT-CE0072 $aIT-NA0059 $aIT-NA0120 $aIT-NA0189 $aIT-AV0004 $aIT-NA0230 $aIT-AV0193 $aIT-AV0045 $aIT-BN0015 901 $bNAP MV$cG $nDEPOSITO LIBRARIO PERIODICI SALA G 901 $bNAP BN$cPER.ITAL. $nFondo librario esculso dal servizio di prestito. La consultazione dei documenti avviene presso la Sezione Periodici 901 $bNAP BU$cPER. $nPeriodici. 901 $bNAP DV$cS. MODERNA$n$ 901 $bNAP PB$cPERIODICI $n$ 901 $bNAP 77$cPERIODICI $n$ 901 $bNAP DP$cPER $n$ 901 $bNAP 68$cEMEROTECA $n$ 901 $bNAP 01$cPER. $nComprende periodici italiani e stranieri 901 $bNAP CE$cG.DE NITTO$n$ 901 $bNAP 46$cPERIODICI $n$ 912 $aCFI0209049 950 1$aBiblioteca Centralizzata di Ateneo$b51(2011)-52(2012). Lac 2011-2012.$c51(2011)-52(2012). lac 2011-2012.$d 01PER. ITA. BOLA$e 0102 0000096235 VPA A4(2011 51 (2011), manca il fasc. 3$fB $h20130404$i20130404 967 $n38 977 $a 01$a 46$a 68$a 77$a BN$a BS$a BU$a CE$a CN$a CR$a DP$a DV$a IR$a ME$a MV$a PB 996 $aBollettino AIB$9105054 997 $aUNISANNIO